[Event "FRA-chT4 0001"]
[Site "Bretagne"]
[Date "2001.02.04"]
[Round "5"]
[White "Crahan, Alan"]
[Black "Derian, Emmanuel"]
[Result "0-1"]
[WhiteElo "1610"]
[BlackElo "1870"]
[PlyCount "116"]
[EventDate "2000.10.??"]
[EventType "team"]
[EventRounds "7"]
[EventCountry "FRA"]
[SourceTitle "EXT 2005"]
[Source "ChessBase"]
[SourceDate "2004.11.15"]
[SourceVersion "1"]
[SourceVersionDate "2004.11.15"]
[SourceQuality "1"]

1. Nf3 c5 2. b3 d5 3. e3 Bg4 4. Bb2 Nc6 5. Be2 Bxf3 6. Bxf3 e6 7. d4 cxd4 8. Bxd4 Nxd4 9. Qxd4 Qa5+ 10. Kd1 Nf6 11. a3 Qc7 12. Qa4+ Nd7 13. Ra2 Bd6 14. e4 dxe4 15. Qxe4 Nc5 16. Qd4 Rd8 17. Qg4 0-0 18. Ke2 Qd7 19. Rd1 Qb5+ 20. Ke1 Be7 21. Nc3 Rxd1+ 22. Bxd1 Qd7 23. b4 Bf6 24. Nb1 Qd5 25. c4 Nd3+ 26. Kf1 Qe5 27. Qe2 Qxh2 28. Qxd3 Rd8 29. Qb3 Qh1+ 30. Ke2 Qxg2 31. Nd2 Rd4 32. Qf3 Qxf3+ 33. Nxf3 Rxc4 34. Rc2 Rxc2+ 35. Bxc2 g5 36. a4 h5 37. Ng1 Kg7 38. Ke3 Be7 39. b5 Bc5+ 40. Kf3 f5 41. Kg2 Kf6 42. Nh3 e5 43. f3 g4 44. fxg4 hxg4 45. Nf2 Bxf2 46. Kxf2 e4 47. Kg2 Kg5 48. a5 b6 49. axb6 axb6 50. Bd1 f4 51. Kf2 Kf5 52. Kg2 e3 53. Bc2+ Ke5 54. Bd1 Kf5 55. Bc2+ Ke5 56. Bd1 f3+ 57. Kf1 Kd4 58. Bc2 e2+ 0-1

[Event "FRA-chT4 0001"]
[Site "Bretagne"]
[Date "2000.11.19"]
[Round "2"]
[White "Grego, Pierre"]
[Black "Derian, Emmanuel"]
[Result "1-0"]
[WhiteElo "1920"]
[BlackElo "1890"]
[PlyCount "41"]
[EventDate "2000.10.??"]
[EventType "team"]
[EventRounds "7"]
[EventCountry "FRA"]
[SourceTitle "EXT 2005"]
[Source "ChessBase"]
[SourceDate "2004.11.15"]
[SourceVersion "1"]
[SourceVersionDate "2004.11.15"]
[SourceQuality "1"]

1. e4 c5 2. Bc4 e6 3. Nc3 a6 4. a4 Nc6 5. d3 Be7 6. Nge2 Nf6 7. 0-0 0-0 8. f4 d6 9. Bd2 Bd7 10. Ng3 Na5 11. e5 dxe5 12. fxe5 Ne8 13. Qg4 g6 14. Bh6 Ng7 15. Nce4 Nc6 16. Nf6+ Kh8 17. Qh4 Bxf6 18. exf6 Nf5 19. Nxf5 exf5 20. Bg7+ Kg8 21. Qh6 1-0